=LDR 00000nam 2200000 4500 =001 INLIS000000000036696 =005 20130612142451 =008 ***********************************Ind** =035 ##$$0010-061300000036696 =041 ##$$a Ind =082 ##$$a 641.5 =090 ##$$a 641.5, Pur m =100 ##$$a Purwadaria, Semijati =245 ##$$a Mari berpesta beregu, Semijati Purwadaria =260 ##$$a 2009 $b Jakarta =300 ##$$a 50 hlm, 22 cm =650 ##$$a Masakan-resep =850 ##$$a NBPNMAT